00486cam a22001572 4500001001100000005001700011008004100028020002600069040001500095050001500110100003400125245007200159260004200231300001100273650004400284000000338220151217151923.0070504s xx 000 0 eng d a0674517768 :cKES 400 aKABUcKABU 0aK150b.B471 aBerman, Harold J.@000015327510aLaw and revolution :bthe formation of the Western legal tradition. aLondon :bHarvard Univ. Press,c1983. a657 p. 0aLawxHistory and criticism.@0000153276